| 000 | 01361nam a2200325 i 4500 | ||
|---|---|---|---|
| 001 | 184754 | ||
| 003 | ES-MaACL | ||
| 005 | 20231222063114.0 | ||
| 008 | 151127s2015 sp afp |||| |bspa d | ||
| 020 | _a978-84-8472-543-5 | ||
| 080 | _a929 Jardiel Poncela, Enrique | ||
| 080 | _a821.134.2 Jardiel Poncela, Enrique 1.07 | ||
| 100 | 1 |
_aOlmos, Víctor, _d1935- _986991 |
|
| 245 | 1 | 1 |
_a¡Haz reír, haz reír! _b: vida y obra de Enrique Jardiel Poncela / _cVíctor Olmos. |
| 260 |
_aValencina de la Concepción, Sevilla : _bRenacimiento, _c[2015] |
||
| 300 |
_a595 p., [24] p. de lám. : _bil. ; _c21 cm. |
||
| 490 | 1 |
_aBiblioteca de la memoria. _aSerie menor ; _v25 |
|
| 500 | _aÍndice. | ||
| 504 | _aBibliografía: p. 569-579. | ||
| 505 | 8 |
_aContiene: Anexo I ; _tProducción literaria de Enrique Jardiel Poncela |
|
| 600 | 1 | 7 |
_aJardiel Poncela, Enrique- _xBiografías. _966114 |
| 600 | 1 | 7 |
_aJardiel Poncela, Enrique- _xCrítica e interpretación. _9158250 |
| 740 | 0 | 2 | _aProducción literaria de Enrique Jardiel Poncela. |
| 830 | 0 |
_aBiblioteca de la memoria. _aSerie menor ; _v25 _9222819 |
|
| 852 |
_aES-MaACL _jA-13657 _9191767 _bR.150866 _cDEPO1 _dOlim: N-6657 _hDonación: Víctor Olmos |
||
| 903 |
_aOlmos, Víctor, _d1935- _ednr _986991 |
||
| 942 |
_2udc _cMONOGRAFIA |
||
| 999 |
_c184754 _d184754 |
||